000 00509nam a2200181Ia 4500
001 11408
005 20260306162826.0
008 260306t2012||||xx |||||||||||||| ||spa||
041 _aESP
082 _a985.04
_bP91A
100 _aPuente Candamo, José Agustín de la
_eAUT
245 0 _aTiempos de emancipación:
_blibro conmemorativo del bicentenario de la independencia del Perú
260 _c2012
300 _a139 páginas :
_c18 cm.
650 _aGEN
654 _aCHU
942 _cLIB
_dJUS
_fJUS
_2ddc
_n
999 _c11408
_d11408